Mechanical properties of polymers and composites / (Record no. 804)

000 -LEADER
fixed length control field 00685nam a22002297a 4500
001 - CONTROL NUMBER
control field 804
003 - CONTROL NUMBER IDENTIFIER
control field BD-DhUET
008 - FIXED-LENGTH DATA ELEMENTS--GENERAL INFORMATION
fixed length control field 140823b xxu||||| |||| 00| 0 eng d
020 ## - INTERNATIONAL STANDARD BOOK NUMBER
International Standard Book Number 9870824789640
040 ## - CATALOGING SOURCE
Transcribing agency 0
Modifying agency BD-DhUET
082 ## - DEWEY DECIMAL CLASSIFICATION NUMBER
Classification number 620.1
Item number NIE/1994
100 ## - MAIN ENTRY--PERSONAL NAME
Personal name Nielsen, Lawrence E.
245 ## - TITLE STATEMENT
Title Mechanical properties of polymers and composites /
Statement of responsibility, etc. by Lawrence E. Nielsen and Robert F. Landel
250 ## - EDITION STATEMENT
Edition statement 2nd rev. ed.
260 ## - PUBLICATION, DISTRIBUTION, ETC. (IMPRINT)
Place of publication, distribution, etc. London :
Name of publisher, distributor, etc. CRC Press,
Date of publication, distribution, etc. 1994
300 ## - PHYSICAL DESCRIPTION
Extent xiii,557p.
490 ## - SERIES STATEMENT
Series statement Mechanical engineering a series book of reference books
504 ## - BIBLIOGRAPHY, ETC. NOTE
Bibliography, etc Includes bibliographies
650 #0 - SUBJECT ADDED ENTRY--TOPICAL TERM
Topical term or geographic name as entry element Mechanical properties
700 ## - ADDED ENTRY--PERSONAL NAME
Personal name Landel, Robert F.
942 ## - ADDED ENTRY ELEMENTS (KOHA)
Koha item type General Book
Holdings
Price effective from Koha normalized classification for sorting Koha full call number Withdrawn status Date acquired Koha item type Lost status Damaged status Sublocation or collection (holding branch) Shelving location Location (home branch) Source of classification or shelving scheme Copy number Not for loan Koha date last seen Piece designation (barcode)
2014-08-23620_000000000000000_1NIE1994620.1/NIE/1994 2014-08-23General Book  Central Library, BUETCirculation sectionCentral Library, BUET 1 2014-08-23104669
2014-08-23620_000000000000000_1NIE1994620.1/NIE/1994 2014-08-23General Book  Central Library, BUETCirculation sectionCentral Library, BUET 2 2014-08-23104670